000 02123nam0a22004091 4500
001 v19\rc\1774152
005 20260406183848.0
035 _a(NLR Aleph) 004870529
090 _a5092680
_c5092680
100 _a20061204d1904 |||y0rusy50 ca
101 0 _arus
102 _aRU
105 _ay z |||||
200 1 _aЗаписка по крестьянскому делу
_fПред. ... Особого совещания о нуждах с.-х. промышленности, статс-секретаря С.Ю. Витте
210 _aСанкт-Петербург
_cтип. В. Киршбаума
_d1904
215 _a106 с.
_d26
225 1 _aМатериалы высочайше учрежденного Особого совещания о нуждах сельскохозяйственной промышленности
311 _aПрил. к № 49 "Вестника финансов, пром-сти и торговли" за 1904 г.
316 _aЭкз. РНБ (6/368): приплетено к журн. ...
_5NLR: 6/368
422 0 _12001#$aВестник финансов, промышленности и торговли$v1904, № 49
_tВестник финансов, промышленности и торговли
482 0 _12001#$aВестник финансов, промышленности и торговли$v1904, № 49
_tВестник финансов, промышленности и торговли
700 1 _8rus
_7ca
_aВитте
_bС. Ю.
_f1849-1915
_gСергей Юльевич
_3RU\NLR\AUTH\772753
_9112761
712 0 1 _aРоссия
_bОсобое совещание о нуждах сельскохозяйственной промышленности
_3RU\NLR\AUTH\889949126
_9393897
801 0 _aRU
_bNLR
_gpsbo
801 0 _aRU
_bRuMoRGB
_2psbo
801 1 _aRU
_bProSoft-M
_2rusmarc
852 _aNLR
_j6/368
899 _aRuMoRGB
_jA 273/8
899 _aRuMoRGB
_jA 276/12
899 _aRuMoRGB
_jA 281/24
899 _aБАН
899 _aНБ СПбГУ
899 _aГПИБ
899 _aНБ МГУ
942 _cBOOK
980 _aNB